000 00732nam a2200277 i 4500
001 C2-0095713
003 PPAK
005 20180727093250.0
008 970515s1986 enka|||| ||||| | eng d
020 _a0850786576
040 _aPPAK
_beng
_cPPAK
_erda
082 0 4 _a333.8233
_223
090 0 0 _a333.8233
_bPEC
_dR
090 0 0 _a333.8233
_bPEC
_dRK
100 1 _aPechey, Roger,
_eauthor
245 1 0 _aFocus on gas
264 1 _aEast Essex :
_bWayland ,
_c1986
300 _a48 pages :
_billustrations ;
_c21 cm
336 _2rdacontent
_atext
337 _2rdamedia
_aunmediated
338 _2rdacarrier
_avolume
490 1 _aFocus on Resources
650 1 0 _aNatural gas
830 0 _aFocus on Resources
942 _ddc
_cB
999 _c20393
_d20393